Βασικές αρχές χρηματοοικονομικών μαθηματικών

Saved in:
Bibliographic Details
Main Author: Χαλιδιάς, Νικόλαος
Format: Book
Language:Greek
Published: Λευκωσία : Broken Hill, c2018.
Edition:2η έκδ.
Subjects:
Tags: Add Tag
No Tags, Be the first to tag this record!

MARC

LEADER 00000nam a2200000 a 4500
001 1/118048
008 190212t2018####cy | ||| |||| ||gre||
020 |a 9789925563753  
040 |a GR-MyUa  |b gre  |c GR-MyUa  |e AACR2 
041 0 |a gre 
082 7 |a 332.0151   |2 (23)  
100 1 |a Χαλιδιάς, Νικόλαος. 
245 1 0 |a Βασικές αρχές χρηματοοικονομικών μαθηματικών /   |c Νίκος Χαλιδιάς.  
250 |a 2η έκδ.  
260 |a Λευκωσία :   |b Broken Hill,   |c c2018.  
300 |a x, 370 σ. :   |b σχέδια ;   |c 24 εκ.  
504 |a Βιβλιογραφία : σ. 365-367. Ευρετήριο.  
650 0 |a Finance  |x Mathematical models. 
650 0 |a Economics  |x Mathematical models. 
852 |a INST  |b SAMOS  |e 20190715  |h 332.0151 ΧΑΛ  |p 005300046087  |q 005300046087  |t BK  |y 0 
852 |a INST  |b SAMOS  |c EUDOXUS  |e 20190212  |h 332.0151 ΧΑΛ  |p 005300045821  |q 005300045821  |t EDX  |y 23 
852 |a INST  |b SAMOS  |c EUDOXUS  |e 20190212  |h 332.0151 ΧΑΛ  |p 005300045822  |q 005300045822  |t EDX  |y 0 
852 |a INST  |b SAMOS  |c EUDOXUS  |e 20190212  |h 332.0151 ΧΑΛ  |p 005300045823  |q 005300045823  |t EDX  |y 0 
852 |a INST  |b SAMOS  |c EUDOXUS  |e 20190212  |h 332.0151 ΧΑΛ  |p 005300045824  |q 005300045824  |t EDX  |y 4  |x 20200207 
852 |a INST  |b SAMOS  |c EUDOXUS  |e 20190212  |h 332.0151 ΧΑΛ  |p 005300045825  |q 005300045825  |t EDX  |y 4  |x 20200210 
852 |a INST  |b SAMOS  |c EUDOXUS  |e 20190404  |h 332.0151 ΧΑΛ  |p 005300045851  |q 005300045851  |t EDX  |y 4  |x 20200203 
920 |a Εύδοξος  |b Παραγγελία  |y Σάμος-ΤΣΑΧΜ  |z 2019-02 
920 |a Εύδοξος  |b Επιστροφή  |y Σάμος  |z 2019-04 
920 |a Καφετζίδης  |b Νικόλαος  |y Σάμος  |z 2019-07 
970 |a Κοσιέρης  |b Χρήστος  |z 12-02-2019